<?xml version="1.0" encoding="UTF-8"?>
<record
    xmlns:xsi="http://www.w3.org/2001/XMLSchema-instance"
    xsi:schemaLocation="http://www.loc.gov/MARC21/slim http://www.loc.gov/standards/marcxml/schema/MARC21slim.xsd"
    xmlns="http://www.loc.gov/MARC21/slim">

  <leader>02371    a2200229   4500</leader>
  <controlfield tag="001">24538</controlfield>
  <controlfield tag="005">20260407155529.0</controlfield>
  <controlfield tag="008">260407a2011    arg                 spa d</controlfield>
  <controlfield tag="003">AR-UNSa-BCEJYS</controlfield>
  <datafield tag="040" ind1=" " ind2=" ">
    <subfield code="a">AR-UNSa-BCEJYS</subfield>
    <subfield code="b">spa</subfield>
    <subfield code="c">AR-UNSa-BCEJYS</subfield>
  </datafield>
  <datafield tag="080" ind1=" " ind2=" ">
    <subfield code="a">304.9</subfield>
    <subfield code="x">Cr&#xED;tica de la situaci&#xF3;n social. Planes para la mejora de la sociedad. Utop&#xED;as sociales</subfield>
  </datafield>
  <datafield tag="245" ind1="1" ind2="0">
    <subfield code="a">Lecturas sobre pol&#xED;ticas sociales en Argentina</subfield>
    <subfield code="p">elementos jur&#xED;dicos y econ&#xF3;micos para la reflexi&#xF3;n</subfield>
  </datafield>
  <datafield tag="020" ind1=" " ind2=" ">
    <subfield code="a">978-987-1732-35-7</subfield>
  </datafield>
  <datafield tag="264" ind1=" " ind2="1">
    <subfield code="a">Mar del Plata :</subfield>
    <subfield code="b">Ediciones Su&#xE1;rez</subfield>
    <subfield code="c">2011</subfield>
  </datafield>
  <datafield tag="300" ind1=" " ind2=" ">
    <subfield code="a">290 p.</subfield>
    <subfield code="c">22 cm.</subfield>
  </datafield>
  <datafield tag="505" ind1=" " ind2=" ">
    <subfield code="a">Parte I : Estado y sociedad civil en la historia de las pol&#xED;ticas sociales argentinas : 1. La expansi&#xF3;n del Estado, las necesidades sociales y la divisi&#xF3;n social del trabajo : elementos para una reflexi&#xF3;n - 2. Las pol&#xED;ticas sociales como instrumentos de una elite hegem&#xF3;nica para la construcci&#xF3;n de un Estado liberal - 3. Actores sociales y pol&#xED;ticos frente a factores sociales y econ&#xF3;micos : El dilema del Estado y la sociedad civil en la Argentina anterior al "Estado  social" - 4. La ayuda social como instrumento de legitimaci&#xF3;n : Una comparaci&#xF3;n de dos modelos contrapuestos - Parte II : T&#xF3;picos en pol&#xED;ticas de salud, trabajo y educaci&#xF3;n : 5. El sistema de saluden la Argentina : historia y desafios a futuros - 6. An&#xE1;lisis comparativos de modelos de regulaci&#xF3;n laboral y notas sobre el contrato individual en Argentina - 7. El sistema educativo argentino - 8. Pautas para la construcci&#xF3;n de un seguro nacional de salud - 9. El sistema de relaciones colectivas de trabajo - 10. La descentralizaci&#xF3;n de las Universidades Nacionales y las finanzas p&#xFA;blicas provinciales : Implicancia de su tranferencia  - 11. Los desafios en torno a las pol&#xED;ticas de medicamentos gen&#xE9;ricos y formularios terap&#xE9;uticos - Parte III : Elementos para el diagn&#xF3;stico y la orientaci&#xF3;n de politicas sociales : 12. Elementos articuladores en los pardigmas de la pol&#xED;tica social - 13. Elementos del debate te&#xF3;rico- metodol&#xF3;gico en torno a la naci&#xF3;n de pobreza.</subfield>
  </datafield>
  <datafield tag="942" ind1=" " ind2=" ">
    <subfield code="c">BK</subfield>
  </datafield>
  <datafield tag="590" ind1=" " ind2=" ">
    <subfield code="a">niveau_biblio:m niveau_hierar:0</subfield>
  </datafield>
  <datafield tag="100" ind1="1" ind2=" ">
    <subfield code="a">Lacaze, Mar&#xED;a Victoria</subfield>
  </datafield>
  <datafield tag="700" ind1="1" ind2=" ">
    <subfield code="a">Bostiancic, Mar&#xED;a Carla</subfield>
  </datafield>
  <datafield tag="856" ind1="4" ind2="1">
    <subfield code="u">https://biblioeco.unsa.edu.ar/pmb/images/libros/Lecturas sobre pol?ticas sociales en Argentina-l118620.jpg</subfield>
    <subfield code="y">Imagen de portada</subfield>
    <subfield code="q">image/jpeg</subfield>
  </datafield>
  <datafield tag="999" ind1=" " ind2=" ">
    <subfield code="c">1200</subfield>
    <subfield code="d">1200</subfield>
  </datafield>
  <datafield tag="952" ind1=" " ind2=" ">
    <subfield code="0">0</subfield>
    <subfield code="1">0</subfield>
    <subfield code="4">0</subfield>
    <subfield code="7">0</subfield>
    <subfield code="a">BCEJYS</subfield>
    <subfield code="b">BCEJYS</subfield>
    <subfield code="c">16</subfield>
    <subfield code="d">2026-04-07</subfield>
    <subfield code="l">0</subfield>
    <subfield code="o">304.9 L128</subfield>
    <subfield code="p">L118620</subfield>
    <subfield code="r">2026-04-07 15:55:29</subfield>
    <subfield code="w">2026-04-07</subfield>
    <subfield code="y">L</subfield>
  </datafield>
</record>
